Report on the Incidence of Longer-Term Program Engagement.

Longer-term program engagement (LTPE) occurs when a member has spent at least seven of the past 10 years under Fund-supported financial arrangements. In response to the Executive Board's request for periodic updates on the incidence of LTPEs, this is the twelfth such report and provides informa...

Повний опис

Бібліографічні деталі
Співавтор: International Monetary Fund
Формат: Журнал
Мова:English
Опубліковано: Washington, D.C. : International Monetary Fund, 2011.
Серія:Policy Papers; Policy Paper ; No. 2011/045
Предмети:
Онлайн доступ:Full text available on IMF
LEADER 01374cas a2200253 a 4500
001 AALejournalIMF020034
008 230101c9999 xx r poo 0 0eng d
020 |c 5.00 USD 
020 |z 9781498338752 
022 |a 2663-3493 
040 |a BD-DhAAL  |c BD-DhAAL 
110 2 |a International Monetary Fund. 
245 1 0 |a Report on the Incidence of Longer-Term Program Engagement. 
264 1 |a Washington, D.C. :  |b International Monetary Fund,  |c 2011. 
300 |a 1 online resource (4 pages) 
490 1 |a Policy Papers 
500 |a <strong>Off-Campus Access:</strong> No User ID or Password Required 
500 |a <strong>On-Campus Access:</strong> No User ID or Password Required 
506 |a Electronic access restricted to authorized BRAC University faculty, staff and students 
520 3 |a Longer-term program engagement (LTPE) occurs when a member has spent at least seven of the past 10 years under Fund-supported financial arrangements. In response to the Executive Board's request for periodic updates on the incidence of LTPEs, this is the twelfth such report and provides information through June 22, 2011. 
538 |a Mode of access: Internet 
651 7 |a Sierra Leone  |2 imf 
830 0 |a Policy Papers; Policy Paper ;  |v No. 2011/045 
856 4 0 |z Full text available on IMF  |u http://elibrary.imf.org/view/journals/007/2011/045/007.2011.issue-045-en.xml  |z IMF e-Library